[Event "AUTO-ADV-597"]
[Site "http://www.queenalice.com/game.php?id=251265"]
[Date "2007.8.5"]
[Round "1"]
[White "ricardomat"]
[Black "arniecoruja"]
[Result "1-0"]
[WhiteElo "1831"]
[BlackElo "1683"]

1. e4 e5 2. Nf3 Nc6 3. Bb5 Nd4 4. Nxd4 exd4 5. O-O c6 6. Bc4 Qe7 7. Re1 d6 8. c3
Qg5 9. Qf3 Be6 10. Bxe6 fxe6 11. cxd4 O-O-O 12. d3 Qf6 13. Qe3 Nh6 14. f3 e5 15.
dxe5 dxe5 16. Rd1 Nf7 17. Qxa7 Kc7 18. Be3 Nd6 19. Bb6+ Kd7 20. Bxd8 Qxd8 21. d4
Ke6 22. d5+ Kf6 23. Nc3 g6 24. dxc6 bxc6 25. a4 Bh6 26. Qc5 Ke6 27. Qxc6 Bf8 28.
Nb5 Qb8 29. Nxd6 Bxd6 30. a5 Rd8 31. a6 Qa7+ 32. Kf1 Ke7 33. Rd5 Qd7 34. Qxd7+
Rxd7 35. a7 1-0

[Event "AUTO-ADV-597"]
[Site "http://www.queenalice.com/game.php?id=251276"]
[Date "2007.8.5"]
[Round "1"]
[White "ricardomat"]
[Black "IkeBroflovski"]
[Result "1-0"]
[WhiteElo "1841"]
[BlackElo "896"]

1. e4 e6 2. d4 d5 3. e5 b6 4. c4 Bb7 5. Nc3 dxc4 6. Bxc4 Bxg2 7. f3 Bxh1 8. Bf4
Ne7 9. Qe2 Nf5 10. d5 Bb4 11. O-O-O Bxc3 12. bxc3 Qh4 13. Qd2 O-O 14. dxe6 Nc6
15. exf7+ 1-0

[Event "AUTO-ADV-597"]
[Site "http://www.queenalice.com/game.php?id=251277"]
[Date "2007.8.5"]
[Round "1"]
[White "IkeBroflovski"]
[Black "ricardomat"]
[Result "0-1"]
[WhiteElo "894"]
[BlackElo "1843"]

1. Nf3 d5 2. c4 c6 3. cxd5 cxd5 4. d4 Nc6 5. Bf4 Nf6 6. e3 a6 7. Nc3 Bf5 8. Bd3
Bxd3 9. Qxd3 e6 10. O-O Bd6 11. Bxd6 Qxd6 12. a3 O-O 13. Rac1 Rfe8 14. e4 dxe4
0-1

[Event "AUTO-ADV-597"]
[Site "http://www.queenalice.com/game.php?id=343038"]
[Date "2008.1.26"]
[Round "2"]
[White "ricardomat"]
[Black "rubenov"]
[Result "0-1"]
[WhiteElo "1872"]
[BlackElo "1994"]

1. e4 c5 2. Nf3 Nc6 3. d4 cxd4 4. Nxd4 Nxd4 5. Qxd4 e6 6. Nc3 Ne7 7. e5 Nc6 8.
Qe4 Bb4 9. Bd2 a6 10. Bd3 b5 11. a4 bxa4 12. Rxa4 a5 13. Bb5 Bb7 14. O-O Qb6 15.
Be3 Qc7 16. Bd4 O-O 17. Bd3 g6 18. Nb5 Nxd4 19. Qxd4 Qc6 20. Qg4 Bc5 21. Nc3 d5
22. exd6 Bxd6 23. Be4 Qb6 24. Bxb7 Qxb7 25. b3 Be5 26. Qe4 Qc7 27. g3 Bxc3 28.
Rc4 Qe5 29. Re1 Qxe4 30. Rexe4 Rfc8 31. f4 Rxc4 32. Rxc4 Bd2 33. Kf2 Rd8 34. Ra4
Bb4 35. Kf3 Rd2 0-1

[Event "AUTO-ADV-597"]
[Site "http://www.queenalice.com/game.php?id=343039"]
[Date "2008.1.26"]
[Round "2"]
[White "rubenov"]
[Black "ricardomat"]
[Result "0-1"]
[WhiteElo "1987"]
[BlackElo "1851"]

1. d4 d5 2. Bg5 Nc6 3. e3 a6 4. Nc3 h6 5. Bh4 g5 6. Bg3 Nf6 7. a3 Bf5 8. Nf3 Ne4
9. Nxe4 Bxe4 10. Ne5 Nxe5 11. Bxe5 f6 12. Qh5+ Kd7 13. Bg3 Bxc2 14. Qf7 c6 15.
Be2 Qe8 16. Bg4+ Kd8 17. Qe6 h5 0-1

[Event "AUTO-ADV-597"]
[Site "http://www.queenalice.com/game.php?id=343040"]
[Date "2008.1.26"]
[Round "2"]
[White "ricardomat"]
[Black "Roman"]
[Result "0-1"]
[WhiteElo "1847"]
[BlackElo "1999"]

1. d4 d5 2. c4 Nf6 3. Bg5 e6 4. a3 c5 5. e3 Nc6 6. Nf3 Bd6 7. Bd3 O-O 8. O-O b6
9. Nc3 dxc4 10. Bxc4 Be7 11. dxc5 bxc5 12. e4 Qc7 13. Re1 Rb8 14. e5 Nd7 15.
Bxe7 Nxe7 16. Rb1 a6 17. Qd6 Qxd6 18. exd6 Nc6 19. Ne4 Na5 20. Rec1 Bb7 21. Nfd2
Nxc4 22. Rxc4 Rfc8 23. b4 Bd5 24. Rc3 cxb4 25. axb4 Rxc3 26. Nxc3 Nf6 27. Nxd5
Nxd5 28. Rc1 Kf8 29. d7 Rd8 30. Rc8 Ke7 31. b5 axb5 0-1

[Event "AUTO-ADV-809"]
[Site "http://www.queenalice.com/game.php?id=357337"]
[Date "2008.2.19"]
[Round "1"]
[White "Rapha66"]
[Black "ricardomat"]
[Result "1-0"]
[WhiteElo "1828"]
[BlackElo "1806"]

1. d4 d5 2. e3 Nc6 3. Bb5 Bd7 4. c4 e6 5. cxd5 exd5 6. a3 Nf6 7. Bxc6 Bxc6 8.
Nf3 Bd6 9. Nc3 O-O 10. O-O Ne4 11. Qc2 Re8 12. Nd2 Nxd2 13. Bxd2 Re6 14. f3 Qh4
15. g3 Qh3 16. e4 Rh6 17. Bxh6 dxe4 18. fxe4 Qxh6 19. e5 Qe3+ 20. Qf2 Qxf2+ 21.
Rxf2 Be7 22. Raf1 Rf8 23. e6 fxe6 24. Rxf8+ Bxf8 25. Rd1 Bd7 26. Kf2 c6 27. b4
b5 28. Rb1 Bd6 29. a4 a6 30. axb5 axb5 31. Ne4 Be7 32. Nc5 Bxc5 33. dxc5 Kf7 34.
Rd1 Ke7 35. Ke3 g5 36. Ke4 Be8 37. Ke5 h5 38. Rf1 Bg6 39. Rf6 Bf5 40. Rxf5 exf5
41. Kxf5 g4 42. Kg5 Ke6 43. Kxh5 Kd5 44. Kxg4 Kc4 45. h4 Kxb4 46. h5 Kxc5 47. h6
b4 48. h7 b3 49. h8=Q Kb4 50. Qb2 c5 51. Kf3 c4 52. Qd2+ Ka3 53. Qc3 Ka2 54.
Qxc4 Ka3 55. g4 b2 56. Qb5 Ka2 57. g5 b1=Q 58. Qxb1+ Kxb1 59. g6 Kc2 60. g7 Kd3
61. g8=Q Kd2 62. Qb3 Kc1 63. Qa2 1-0

[Event "AUTO-ADV-809"]
[Site "http://www.queenalice.com/game.php?id=357338"]
[Date "2008.2.19"]
[Round "1"]
[White "ricardomat"]
[Black "Rapha66"]
[Result "0-1"]
[WhiteElo "1829"]
[BlackElo "1786"]

1. e4 e5 2. Nf3 d6 3. Nc3 Nf6 4. Bc4 Bg4 5. h3 Bxf3 6. Qxf3 a6 7. Nd5 Nbd7 8. d3
c6 9. Nxf6+ Qxf6 10. Qg4 h6 11. f4 h5 12. fxe5 Qxe5 13. Qf4 Qxf4 14. Bxf4 Be7
15. O-O-O f6 16. g4 hxg4 17. hxg4 Rxh1 18. Rxh1 O-O-O 19. Rh7 Bf8 20. g5 fxg5
21. Bxg5 Re8 22. Bf7 Re5 23. Bf4 Ra5 24. Rh8 Kc7 25. a3 g5 26. Bg3 Bg7 27. Rh7
Be5 28. Be1 Rb5 29. b3 Nf6 30. Rg7 Nxe4 31. Bc4+ Bxg7 32. Bxb5 Nc3 33. Bc4 d5
34. Bxa6 bxa6 35. Kd2 Nb1+ 36. Kc1 Nxa3 37. Kd2 Nb5 38. Bf2 Bc3+ 39. Ke3 Bd4+
40. Kf3 Bxf2 41. Kxf2 Nd4 42. c3 Nxb3 43. Kg3 a5 44. Kg4 a4 45. Kxg5 a3 46. Kf5
a2 47. Ke5 a1=Q 48. Ke6 Qxc3 0-1

[Event "AUTO-ADV-809"]
[Site "http://www.queenalice.com/game.php?id=357351"]
[Date "2008.2.19"]
[Round "1"]
[White "SRIVERO"]
[Black "ricardomat"]
[Result "0-1"]
[WhiteElo "1658"]
[BlackElo "1861"]

1. d4 d5 2. c4 c6 3. Nc3 Nf6 4. Nf3 Bg4 5. e3 Nbd7 6. Be2 dxc4 7. Bxc4 e5 8.
dxe5 Bxf3 9. Qxf3 Nxe5 10. Qe2 Bd6 11. O-O O-O 12. b3 Nxc4 13. Qxc4 Be5 14. Rd1
Qc7 15. f4 Bxc3 16. Qxc3 Rad8 17. Rd3 Rxd3 18. Qxd3 Rd8 19. Qf5 Qe7 20. Qe5 Ng4
21. Qxe7 Rd1# 0-1

[Event "AUTO-ADV-809"]
[Site "http://www.queenalice.com/game.php?id=357352"]
[Date "2008.2.19"]
[Round "1"]
[White "ricardomat"]
[Black "SRIVERO"]
[Result "1-0"]
[WhiteElo "1839"]
[BlackElo "1650"]

1. e4 c5 2. Bc4 e6 3. Nc3 d6 4. Nf3 Nf6 5. d4 cxd4 6. Nxd4 Nc6 7. Bg5 Ne5 8.
Bb5+ Ned7 9. f4 Be7 10. Qe2 O-O 11. O-O-O e5 12. fxe5 dxe5 13. Nf5 a6 14. Bxd7
Bxd7 15. Nxe7+ Qxe7 16. Bxf6 gxf6 17. Nd5 Qc5 18. Nxf6+ Kh8 19. Nxd7 Qa5 20.
Nxf8 Qxa2 21. Nd7 Qa1+ 22. Kd2 Qa5+ 23. c3 Rd8 24. Ke1 Qa4 25. Nxe5 Rxd1+ 26.
Qxd1 Qxe4+ 27. Qe2 Qb1+ 28. Qd1 Qe4+ 29. Kf2 Qxe5 30. Re1 Qf4+ 31. Kg1 h5 32.
Qd4+ 1-0

[Event "AUTO-ADV-809"]
[Site "http://www.queenalice.com/game.php?id=357359"]
[Date "2008.2.19"]
[Round "1"]
[White "jhetro"]
[Black "ricardomat"]
[Result "1-0"]
[WhiteElo "2117"]
[BlackElo "1784"]

1. c4 e5 2. Nc3 Bb4 3. Nf3 Bxc3 4. dxc3 Nc6 5. e4 Nf6 6. Bd3 O-O 7. Bg5 d6 8.
O-O h6 9. Bd2 Ne7 10. Be3 c5 11. Kh1 Ng6 12. Qe2 Ng4 13. b4 b6 14. Rad1 Nh4 15.
Nd2 Nxe3 16. Qxe3 Ng6 17. Nf3 Bg4 18. h3 Bxf3 19. Qxf3 Nf4 20. Be2 Nxe2 21. Qxe2
Qd7 22. Rg1 f5 23. Rgf1 Rad8 24. b5 f4 25. Qf3 g5 26. Rd5 Rf6 27. Rfd1 Qe7 28.
a4 Kg7 29. Qh5 Qf7 30. Qxf7+ Kxf7 31. Rxe5 Re8 32. Rxe8 Kxe8 33. f3 Ke7 34. Rg1
Ke6 35. g3 h5 36. Kh2 Rf8 37. Rd1 Rf6 38. Rd5 Rf7 39. Rxg5 Rh7 40. gxf4 h4 41.
Rg6+ Kf7 42. Rxd6 1-0

[Event "AUTO-ADV-809"]
[Site "http://www.queenalice.com/game.php?id=357360"]
[Date "2008.2.19"]
[Round "1"]
[White "ricardomat"]
[Black "jhetro"]
[Result "0-1"]
[WhiteElo "1802"]
[BlackElo "2115"]

1. d4 g6 2. e4 d6 3. Nf3 Bg7 4. Bc4 Nf6 5. Nc3 O-O 6. O-O Bg4 7. h3 Bxf3 8. Qxf3
Nc6 9. Be3 Qd7 10. Rad1 e5 11. d5 Nb4 12. Rd2 c6 13. a3 Na6 14. Rfd1 c5 15. Ne2
b5 16. Ba2 Nc7 17. c4 a6 18. b3 bxc4 19. bxc4 Rfb8 20. Ng3 Nce8 21. Rb1 Rxb1+
22. Bxb1 Qa4 23. Bg5 Qxc4 24. Ba2 Qc1+ 25. Kh2 h6 26. Bxf6 Qxd2 27. Qe2 Qxe2 28.
Nxe2 Nxf6 29. f3 Bf8 30. Bc4 Nd7 31. f4 exf4 32. Nxf4 Ne5 33. Be2 c4 34. g4 c3
35. Bd1 Rb8 36. Ne2 Rb2 37. Kg3 Rxe2 0-1

[Event "AUTO-OPEN-1022"]
[Site "http://www.queenalice.com/game.php?id=357395"]
[Date "2008.2.20"]
[Round "1"]
[White "marvgiff"]
[Black "ricardomat"]
[Result "0-1"]
[WhiteElo "1640"]
[BlackElo "1820"]

1. d4 d5 2. c4 c6 3. Nc3 Nf6 4. e3 Bf5 5. Nf3 Nbd7 6. Bd2 Ne4 7. Nxe4 Bxe4 8. c5
b6 9. b4 bxc5 10. bxc5 e5 11. Be2 g6 12. O-O Bg7 13. Qa4 Qc7 14. a3 O-O 15. Ng5
Bf5 16. Ba5 Qc8 17. Bb4 exd4 18. Ba6 Qd8 19. Bb7 Qxg5 20. f4 Qh5 21. Bxa8 Rxa8
22. Qxc6 Re8 23. Ra2 dxe3 24. Re1 d4 25. h3 Be6 26. Qb7 Nxc5 27. Bxc5 Qxc5 28.
Raa1 d3 29. Rac1 d2 30. Rxc5 dxe1=Q+ 31. Kh2 Bh6 32. Re5 Bxf4+ 0-1

[Event "AUTO-OPEN-1022"]
[Site "http://www.queenalice.com/game.php?id=357427"]
[Date "2008.2.20"]
[Round "1"]
[White "ricardomat"]
[Black "joeking"]
[Result "0-1"]
[WhiteElo "1799"]
[BlackElo "1836"]

1. e4 e5 2. Nf3 Nc6 3. Bb5 Nge7 4. Nc3 Nd4 5. Nxe5 Nxb5 6. Nxb5 d5 7. d4 f6 8.
Ng4 Ng6 9. Nc3 Bb4 10. Bd2 dxe4 11. Nxe4 a5 12. c3 Be7 13. O-O f5 14. Ne5 Nxe5
15. dxe5 fxe4 16. Re1 Bf5 17. Qe2 O-O 18. Rad1 Qd3 19. Qxd3 exd3 20. Bf4 c5 21.
c4 Rad8 22. e6 a4 23. Re5 Bg4 24. f3 Bxf3 25. g3 Bxd1 0-1

[Event "AUTO-OPEN-1022"]
[Site "http://www.queenalice.com/game.php?id=357428"]
[Date "2008.2.20"]
[Round "1"]
[White "joeking"]
[Black "ricardomat"]
[Result "1-0"]
[WhiteElo "1765"]
[BlackElo "1820"]

1. e4 e5 2. Nf3 Nc6 3. d4 exd4 4. Bc4 h6 5. O-O Bc5 6. c3 dxc3 7. Nxc3 d6 8. h3
Nf6 9. e5 dxe5 10. Qe2 O-O 11. Be3 Bxe3 12. fxe3 e4 13. Nd2 Re8 14. Rad1 Qe7 15.
Rxf6 Qxf6 16. Rf1 Qg5 17. Bxf7+ Kf8 18. Bxe8+ Kxe8 19. Ndxe4 Qg6 20. Qf3 Ke7 21.
Qf8+ Kd7 22. Nc5# 1-0

[Event "AUTO-OPEN-1025"]
[Site "http://www.queenalice.com/game.php?id=358529"]
[Date "2008.2.21"]
[Round "1"]
[White "jmsteinfeld"]
[Black "ricardomat"]
[Result "1-0"]
[WhiteElo "1709"]
[BlackElo "1811"]

1. e4 e5 2. Nf3 Nc6 3. Bc4 Bc5 4. c3 Nf6 5. d3 h6 6. h3 O-O 7. d4 exd4 8. cxd4
Bb4+ 9. Bd2 Nxe4 10. Nc3 Nxd2 11. Qxd2 Re8+ 12. Be2 b6 13. a3 Bxc3 14. bxc3 Bb7
15. O-O Ne7 16. Nh2 Ng6 17. Rfe1 Qf6 18. Bg4 d6 19. Re3 Rxe3 20. Qxe3 c5 21.
dxc5 dxc5 22. Re1 Bc6 23. Bf3 Bxf3 24. Qxf3 Qxf3 25. Nxf3 b5 26. Ne5 Nxe5 27.
Rxe5 Rc8 28. Kf1 a5 29. Ke2 b4 30. cxb4 axb4 31. axb4 cxb4 32. Rb5 Rc2+ 33. Ke3
Rc3+ 34. Kd2 Rc4 35. Kd3 Rc3+ 36. Kd2 Rc4 37. Kd3 Rf4 38. f3 g5 39. Ke3 Kg7 40.
g3 Rc4 41. Kd3 Rc3+ 42. Ke2 Rb3 43. h4 1-0

[Event "AUTO-OPEN-1025"]
[Site "http://www.queenalice.com/game.php?id=358530"]
[Date "2008.2.21"]
[Round "1"]
[White "ricardomat"]
[Black "jmsteinfeld"]
[Result "0-1"]
[WhiteElo "1841"]
[BlackElo "1728"]

1. e4 e5 2. Nf3 Nc6 3. Bc4 Bc5 4. O-O d6 5. h3 g5 6. Nh2 h5 7. g4 hxg4 8. hxg4
Qf6 9. Qf3 Qxf3 10. Nxf3 f6 11. c3 Bxg4 12. Kg2 Bh3+ 13. Kg1 Bxf1 14. Bxf1 O-O-O
15. b4 Bb6 16. a4 a6 17. a5 Ba7 18. b5 axb5 19. Bxb5 Kd7 20. d4 exd4 21. cxd4
Ke7 22. a6 Nxd4 23. Nxd4 Bxd4 24. Ra4 bxa6 25. Rxa6 Nh6 26. Bd2 Ng4 27. Bc3
Bxf2+ 28. Kg2 Rh2+ 29. Kf3 Ne5+ 30. Bxe5 fxe5 31. Ra2 Rf8+ 32. Kg4 Rf4+ 33. Kxg5
Rg2+ 0-1

[Event "AUTO-OPEN-1025"]
[Site "http://www.queenalice.com/game.php?id=358555"]
[Date "2008.2.21"]
[Round "1"]
[White "ricardomat"]
[Black "LuizFernandes"]
[Result "1-0"]
[WhiteElo "1791"]
[BlackElo "1751"]

1. e4 d5 2. exd5 Qxd5 3. Nc3 Qa5 4. d4 c6 5. Nf3 Bf5 6. Bd2 Qc7 7. Bc4 e6 8. Nh4
Bg6 9. Nxg6 hxg6 10. h3 Nf6 11. Qf3 Nbd7 12. O-O Nh5 13. Ne2 Be7 14. Nf4 Nxf4
15. Bxf4 Bd6 16. Bxd6 Qxd6 17. c3 O-O-O 18. Qxf7 g5 19. Qxg7 g4 20. Qxg4 Rdg8
21. Qxe6 Qxe6 22. Bxe6 Rg6 23. Rae1 Kc7 24. d5 cxd5 25. Bxd5 Rxh3 26. Be6 Rhh6
27. Bxd7 Kxd7 28. Rd1+ Kc6 29. Rd4 b5 30. a4 Rg5 31. axb5+ Kxb5 32. f4 Rgh5 33.
f5 Rh1+ 34. Kf2 R1h2 35. Kg3 R2h5 36. f6 Rg6+ 37. Rg4 1-0

[Event "AUTO-OPEN-1025"]
[Site "http://www.queenalice.com/game.php?id=358556"]
[Date "2008.2.21"]
[Round "1"]
[White "LuizFernandes"]
[Black "ricardomat"]
[Result "0-1"]
[WhiteElo "1772"]
[BlackElo "1791"]

1. Nf3 d5 2. d4 Nf6 3. e3 Bf5 4. c4 c6 5. Nc3 Nbd7 6. cxd5 cxd5 7. Bb5 a6 8.
Bxd7+ Qxd7 9. Ne5 Qc7 10. Qf3 e6 11. O-O Bd6 12. Bd2 Bxe5 13. dxe5 Qxe5 14. Rac1
O-O 15. Qe2 Rfd8 16. f4 Qd6 17. b3 b5 18. Nd1 Ne4 19. Ba5 Rdc8 20. Nb2 d4 21.
Rxc8+ Rxc8 22. a4 bxa4 23. bxa4 Nc3 24. Qh5 dxe3 25. Bxc3 Rxc3 26. Rd1 Qc7 27.
Qf3 h6 28. g4 Bc2 29. Qa8+ Kh7 30. Rd8 Qxf4 31. Rh8+ Kg6 32. Qg2 Be4 33. Qf1
Qxg4+ 0-1

[Event "AUTO-OPEN-1025"]
[Site "http://www.queenalice.com/game.php?id=358557"]
[Date "2008.2.21"]
[Round "1"]
[White "ricardomat"]
[Black "andorei"]
[Result "1-0"]
[WhiteElo "1837"]
[BlackElo "1105"]

1. e4 e5 2. Nf3 d6 3. Bc4 Nh6 4. d4 c6 5. dxe5 b5 6. Bb3 Ba6 7. exd6 Bxd6 8. O-O
b4 9. Re1 Kf8 10. Bf4 g5 11. Bxd6+ Kg8 12. Be5 Qe8 13. Qd4 Ng4 14. Bxh8 Nd7 15.
Qg7# 1-0

[Event "AUTO-OPEN-1025"]
[Site "http://www.queenalice.com/game.php?id=358558"]
[Date "2008.2.21"]
[Round "1"]
[White "andorei"]
[Black "ricardomat"]
[Result "0-1"]
[WhiteElo "1125"]
[BlackElo "1839"]

1. e4 e5 2. Nf3 Nc6 3. Nc3 a6 4. a4 Bb4 5. Nd5 Bc5 6. c4 d6 7. d3 Nf6 8. Nc3 O-O
9. Ng5 Ng4 10. Qd2 Bxf2+ 11. Kd1 Bc5 12. h3 Nf2+ 13. Kc2 Nxh1 14. h4 Ng3 15. Be2
Nxe2 16. Nxe2 Nd4+ 17. Kd1 Nxe2 18. Qxe2 Be6 19. Qh5 h6 20. Nxe6 fxe6 21. Qe2
Qxh4 22. Bd2 Rf2 23. Qe1 Raf8 24. Ba5 Rf1 25. g3 Qxg3 26. Kd2 Rxe1 27. Rxe1 b6
28. Bc3 Rf2+ 29. Kd1 Qxd3+ 30. Kc1 Qc2# 0-1